| 000 | 00357 a2200109 4500 | ||
|---|---|---|---|
| 001 | ART_11069 | ||
| 005 | 20260410161849.0 | ||
| 008 | 260409a | ||
| 245 | 1 | 0 | _aUn ejercicio de simulación de la propuesta para el acuerdo fiscal federal |
| 100 | 1 | _aPiffano, Horacio L. P. | |
| 773 | 0 |
_tEconómica _g- Año XLIV, Nº 3 (dic. 1998) _wREV7541 |
|
| 999 |
_c24879 _d24879 |
||